[Event "Belgrade-chT2 Quality"]
[Site "Belgrade"]
[Date "2022.10.30"]
[Round "7.7"]
[White "Beric, Zoran"]
[Black "Marjanovic, Dragan"]
[Result "1-0"]
[WhiteElo "1859"]
[BlackElo "1838"]
[PlyCount "94"]
[EventDate "2022.10.15"]
[EventType "team-tourn"]
[EventRounds "13"]
[EventCountry "SRB"]
[SourceTitle "EXT 2024"]
[Source "ChessBase"]
[SourceDate "2023.10.10"]
[SourceVersion "1"]
[SourceVersionDate "2023.10.10"]
[SourceQuality "1"]
[WhiteTeam "Novi Belgrade Technicka"]
[BlackTeam "Zemun"]
[WhiteTeamCountry "SRB"]
[BlackTeamCountry "SRB"]

1. e4 e6 2. d4 d5 3. exd5 exd5 4. Bd3 c5 5. dxc5 Bxc5 6. Qe2+ Qe7 7. Nc3 Be6 8. Nf3 h6 9. Na4 Nf6 10. Bb5+ Nbd7 11. Ne5 a6 12. Nxc5 Qxc5 13. Nxd7 Qxb5 14. Nxf6+ gxf6 15. Qxb5+ axb5 16. Be3 h5 17. Bd4 Ke7 18. 0-0 Rhg8 19. f4 f5 20. Rf3 Ra4 21. c3 Rg6 22. Kf2 Kd6 23. Rh3 Rh6 24. Ke3 Kc6 25. a3 Ra8 26. Rf1 Rg8 27. Kf3 Bd7 28. Re1 Be6 29. Ra1 Ra8 30. b3 Kd7 31. Ra2 Kc6 32. Rg3 Rg6 33. Rg5 Rxg5 34. fxg5 Rg8 35. Bf6 d4 36. cxd4 Bxb3 37. Rb2 Bc4 38. Rc2 Ra8 39. Rc3 Kd7 40. Kf4 Bd5 41. Kxf5 Bxg2 42. g6 fxg6+ 43. Kxg6 Rf8 44. Rc5 Be4+ 45. Kg7 Ra8 46. Rxb5 Rxa3 47. Rxh5 Bg2 1-0

[Event "Belgrade-chT2 Quality"]
[Site "Belgrade"]
[Date "2022.10.16"]
[Round "2.4"]
[White "Beric, Zoran"]
[Black "Jovanovic, Zoran Z"]
[Result "1/2-1/2"]
[WhiteElo "1859"]
[BlackElo "2121"]
[PlyCount "23"]
[EventDate "2022.10.15"]
[EventType "team-tourn"]
[EventRounds "13"]
[EventCountry "SRB"]
[SourceTitle "EXT 2024"]
[Source "ChessBase"]
[SourceDate "2023.10.10"]
[SourceVersion "1"]
[SourceVersionDate "2023.10.10"]
[SourceQuality "1"]
[WhiteTeam "Novi Belgrade Technicka"]
[BlackTeam "Belgrade Vodovod"]
[WhiteTeamCountry "SRB"]
[BlackTeamCountry "SRB"]

1. e4 c5 2. Nf3 d6 3. Bc4 Nf6 4. e5 dxe5 5. Nxe5 e6 6. Qe2 Be7 7. d3 0-0 8. Nc3 Bd7 9. 0-0 Nc6 10. Nxc6 Bxc6 11. Bd2 Qd7 12. Rad1 1/2-1/2

[Event "Belgrade-chT Quality"]
[Site "Belgrade"]
[Date "2020.11.06"]
[Round "7.8"]
[White "Vulin, Milorad"]
[Black "Beric, Zoran"]
[Result "0-1"]
[WhiteElo "2041"]
[BlackElo "1911"]
[PlyCount "80"]
[EventDate "2020.10.09"]
[EventType "team-tourn"]
[EventRounds "9"]
[EventCountry "SRB"]
[SourceTitle "EXT 2022"]
[Source "ChessBase"]
[SourceDate "2021.10.06"]
[SourceVersion "1"]
[SourceVersionDate "2021.10.06"]
[SourceQuality "1"]
[WhiteTeam "Belgrade Napredak"]
[BlackTeam "Belgrade Tehnicka Skola"]
[WhiteTeamCountry "SRB"]
[BlackTeamCountry "SRB"]

1. e4 d5 2. exd5 Nf6 3. Nf3 Nxd5 4. d4 Bg4 5. c3 Nd7 6. Be2 e6 7. 0-0 c5 8. h3 Bh5 9. Re1 Be7 10. Bb5 Bxf3 11. Qxf3 cxd4 12. cxd4 0-0 13. Nc3 N7f6 14. Ne2 Qa5 15. Nc3 Nxc3 16. Bd2 Qxb5 17. bxc3 Qd5 18. Qd3 Rac8 19. a4 Qc4 20. Qg3 Nd5 21. Rec1 Bf6 22. a5 Rc6 23. h4 Qe2 24. Be1 Rfc8 25. Rab1 b6 26. axb6 axb6 27. Ra1 h5 28. Rd1 Nxc3 29. Bxc3 Rxc3 30. Qd6 Rc2 31. Rf1 Bxh4 32. Qf4 Bf6 33. Rab1 b5 34. Rfd1 Rb2 35. Ra1 Qg4 36. Qxg4 hxg4 37. d5 exd5 38. Rxd5 Rcc2 39. Ra8+ Kh7 40. Rf5 Kg6 0-1

[Event "Belgrade-chT Quality"]
[Site "Belgrade"]
[Date "2019.10.20"]
[Round "6.7"]
[White "Pejovic, Velibor"]
[Black "Beric, Zoran"]
[Result "0-1"]
[WhiteElo "1963"]
[BlackElo "1881"]
[PlyCount "130"]
[EventDate "2019.10.05"]
[EventType "team-tourn"]
[EventRounds "11"]
[EventCountry "SRB"]
[SourceTitle "EXT 2022"]
[Source "ChessBase"]
[SourceDate "2021.10.06"]
[SourceVersion "1"]
[SourceVersionDate "2021.10.06"]
[SourceQuality "1"]
[WhiteTeam "Banjica"]
[BlackTeam "Belgrade Tehnicka Skola"]
[WhiteTeamCountry "SRB"]
[BlackTeamCountry "SRB"]

1. Nf3 d5 2. b3 Nf6 3. Bb2 Nc6 4. d4 Bf5 5. e3 a6 6. a3 e6 7. Nbd2 h6 8. Bd3 Bxd3 9. cxd3 Bd6 10. Ne5 Bxe5 11. dxe5 Nh7 12. 0-0 0-0 13. Qg4 Qg5 14. Qxg5 Nxg5 15. f4 Nh7 16. Rac1 f6 17. exf6 Nxf6 18. h3 Rac8 19. b4 Nd7 20. Nb3 Ne7 21. Na5 b6 22. Nc6 Nxc6 23. Rxc6 Nb8 24. Rxe6 Kf7 25. Re5 c6 26. Rf5+ Ke7 27. Rxf8 Kxf8 28. a4 Nd7 29. Rc1 Kf7 30. Bd4 g6 31. Kf2 Ke6 32. g4 Kd6 33. Kg3 Re8 34. Kf3 c5 35. bxc5+ bxc5 36. Bg7 h5 37. Rb1 Kc6 38. e4 dxe4+ 39. dxe4 Nb6 40. Ra1 Rd8 41. f5 hxg4+ 42. hxg4 g5 43. Ke2 Nc4 44. Rc1 Nd6 45. e5 Rg8 46. f6 Re8 47. Kf1 Nf7 48. Re1 Rxe5 49. Rb1 Re4 50. a5 Rb4 51. Re1 Rf4+ 52. Kg2 Rxg4+ 53. Kh3 Rf4 54. Re6+ Kb5 55. Re7 Nd6 56. Rd7 Ne8 57. Rf7 c4 58. Rf8 Nd6 59. Rd8 Ne4 60. Rd5+ Ka4 61. Re5 g4+ 62. Kg2 Nxf6 63. Re6 Nh5 64. Bc3 Rf3 65. Be1 Nf4+ 0-1

[Event "Belgrade-chT Quality"]
[Site "Belgrade"]
[Date "2019.10.12"]
[Round "3.7"]
[White "Beric, Zoran"]
[Black "Djuran, Nikola"]
[Result "1-0"]
[WhiteElo "1881"]
[BlackElo "2053"]
[PlyCount "85"]
[EventDate "2019.10.05"]
[EventType "team-tourn"]
[EventRounds "11"]
[EventCountry "SRB"]
[SourceTitle "EXT 2022"]
[Source "ChessBase"]
[SourceDate "2021.10.06"]
[SourceVersion "1"]
[SourceVersionDate "2021.10.06"]
[SourceQuality "1"]
[WhiteTeam "Belgrade Tehnicka Skola"]
[BlackTeam "Belgrade Politika"]
[WhiteTeamCountry "SRB"]
[BlackTeamCountry "SRB"]

1. e4 c6 2. Nc3 d5 3. Nf3 e6 4. d4 Nf6 5. Bg5 Be7 6. Bd3 dxe4 7. Nxe4 Nxe4 8. Bxe7 Nxf2 9. Bxd8 Nxd1 10. Rxd1 Kxd8 11. Ng5 Ke7 12. 0-0 f5 13. Rde1 h6 14. Nxe6 Bxe6 15. Bxf5 Re8 16. Rxe6+ Kd8 17. Rxe8+ Kxe8 18. Bc8 Nd7 19. Bxd7+ Kxd7 20. Rf7+ Ke6 21. Rxg7 b5 22. Rg6+ Kd5 23. Rxh6 b4 24. c3 bxc3 25. bxc3 Rb8 26. Rh5+ Kd6 27. Ra5 Rb1+ 28. Kf2 Rc1 29. Ra3 c5 30. dxc5+ Kxc5 31. g4 Kd5 32. Kg3 Ke5 33. h3 Ke4 34. Ra4+ Ke3 35. Rxa7 Rg1+ 36. Kh4 Kf3 37. Rf7+ Kg2 38. Rb7 Ra1 39. Rb2+ Kf3 40. Rc2 Rd1 41. g5 Rd8 42. g6 Ke4 43. Kg5 1-0

[Event "Belgrade-chT Quality"]
[Site "Belgrade"]
[Date "2019.10.05"]
[Round "1.7"]
[White "Beric, Zoran"]
[Black "Milin, Dragan"]
[Result "1/2-1/2"]
[WhiteElo "1881"]
[BlackElo "2053"]
[PlyCount "58"]
[EventDate "2019.10.05"]
[EventType "team-tourn"]
[EventRounds "11"]
[EventCountry "SRB"]
[SourceTitle "EXT 2022"]
[Source "ChessBase"]
[SourceDate "2021.10.06"]
[SourceVersion "1"]
[SourceVersionDate "2021.10.06"]
[SourceQuality "1"]
[WhiteTeam "Belgrade Tehnicka Skola"]
[BlackTeam "Bogoslov"]
[WhiteTeamCountry "SRB"]
[BlackTeamCountry "SRB"]

1. e4 e5 2. Nf3 d6 3. Bc4 c6 4. d4 Nd7 5. dxe5 dxe5 6. Ng5 Nh6 7. Nc3 Be7 8. Ne6 fxe6 9. Bxh6 Nb6 10. Qh5+ g6 11. Qe2 Nxc4 12. Qxc4 Qd4 13. Qe2 Bf6 14. 0-0 Qb4 15. Rab1 Qe7 16. Be3 0-0 17. Qc4 Qe8 18. Rfd1 Be7 19. Rd2 b5 20. Qe2 a6 21. Rbd1 c5 22. Qg4 Qc6 23. h4 Ra7 24. h5 Kg7 25. Ne2 Rd7 26. Ng3 Rxd2 27. Rxd2 Qe8 28. hxg6 Qxg6 29. Qxg6+ hxg6 1/2-1/2

[Event "Belgrade-ch sf"]
[Site "Belgrade"]
[Date "2017.01.29"]
[Round "7"]
[White "Nenezic, Zoran"]
[Black "Beric, Zoran"]
[Result "0-1"]
[WhiteElo "1854"]
[BlackElo "1864"]
[PlyCount "30"]
[EventDate "2017.01.23"]
[EventType "swiss"]
[EventRounds "7"]
[EventCountry "SRB"]
[SourceTitle "CBM 176 Extra"]
[Source "ChessBase"]
[SourceDate "2017.03.02"]
[SourceVersion "1"]
[SourceVersionDate "2017.03.02"]
[SourceQuality "1"]

1. c4 d5 2. cxd5 Qxd5 3. Nc3 Qa5 4. d4 Nf6 5. Qc2 Nc6 6. Nf3 Bg4 7. e3 Bxf3 8. gxf3 e5 9. Bb5 exd4 10. exd4 Bb4 11. Bd2 0-0 12. Bxc6 bxc6 13. 0-0-0 Bxc3 14. bxc3 Rab8 15. Rhg1 Qa3+ 0-1

[Event "SRB-ch sf"]
[Site "Belgrade"]
[Date "2016.03.28"]
[Round "8"]
[White "Beric, Zoran"]
[Black "Nenezic, Zoran"]
[Result "0-1"]
[WhiteElo "1906"]
[BlackElo "1875"]
[PlyCount "118"]
[EventDate "2016.03.21"]
[EventType "swiss"]
[EventRounds "9"]
[EventCountry "SRB"]
[SourceTitle "CBM 171 Extra"]
[Source "ChessBase"]
[SourceDate "2016.04.26"]
[SourceVersion "1"]
[SourceVersionDate "2016.04.26"]
[SourceQuality "1"]

1. Nf3 Nf6 2. c4 c5 3. g3 b6 4. Bg2 Bb7 5. Nc3 Ne4 6. Qc2 Nxc3 7. Qxc3 Nc6 8. 0-0 d6 9. e3 e5 10. d4 exd4 11. exd4 Be7 12. d5 Bf6 13. Re1+ Ne7 14. Qd3 0-0 15. Ng5 Ng6 16. h4 h6 17. Ne4 Bd4 18. Qc2 Bc8 19. Be3 Bxe3 20. Rxe3 Bf5 21. Rae1 Ne5 22. Qc3 Ng4 23. R3e2 Bxe4 24. Rxe4 Ne5 25. f4 Nd7 26. Re7 Nf6 27. Bh3 Re8 28. Rxe8+ Nxe8 29. Qe3 Nf6 30. g4 Qe8 31. Qd2 Qa4 32. b3 Qb4 33. Qxb4 cxb4 34. Re7 Kf8 35. Re3 Re8 36. Rxe8+ Kxe8 37. g5 Ne4 38. Kf1 Nc3 39. Ke1 Nxa2 40. Kd2 Nc3 41. Bf5 a5 42. Bd3 a4 43. bxa4 Nxa4 44. Bf5 Nc5 45. Kc2 Ke7 46. Kb2 Kd8 47. Bc2 f6 48. gxh6 gxh6 49. Bg6 Kc7 50. Kc2 Kb7 51. h5 Ka6 52. Be8 Ka5 53. Bc6 Na4 54. Be8 Nc3 55. Kb3 Ne2 56. Kc2 Nxf4 57. Kd2 Ng2 58. Ke2 b3 59. Bg6 Kb4 0-1

[Event "SRB-ch sf"]
[Site "Belgrade"]
[Date "2016.03.26"]
[Round "6"]
[White "Becelic, Dejan"]
[Black "Beric, Zoran"]
[Result "1-0"]
[WhiteElo "2088"]
[BlackElo "1906"]
[PlyCount "68"]
[EventDate "2016.03.21"]
[EventType "swiss"]
[EventRounds "9"]
[EventCountry "SRB"]
[SourceTitle "CBM 171 Extra"]
[Source "ChessBase"]
[SourceDate "2016.04.26"]
[SourceVersion "1"]
[SourceVersionDate "2016.04.26"]
[SourceQuality "1"]

1. c4 Nc6 2. Nf3 Nf6 3. Nc3 d5 4. cxd5 Nxd5 5. g3 e5 6. d3 h6 7. Bg2 Be6 8. Bd2 Be7 9. Rc1 0-0 10. Ne4 Qd7 11. a3 Bd6 12. b4 b6 13. Qa4 Nce7 14. Qxd7 Bxd7 15. 0-0 Rac8 16. d4 Ng6 17. Rfd1 Ba4 18. Re1 Nde7 19. h4 h5 20. Bc3 f6 21. dxe5 Nxe5 22. Bxe5 fxe5 23. Bh3 Ra8 24. Be6+ Kh8 25. Nfg5 Be8 26. Nxd6 cxd6 27. Rc7 Nf5 28. e3 a5 29. Rec1 Nh6 30. Rc8 Bg6 31. Rxf8+ Rxf8 32. Rc6 axb4 33. axb4 b5 34. Rxd6 Ng4 1-0

[Event "SRB-ch sf"]
[Site "Belgrade"]
[Date "2016.03.24"]
[Round "4"]
[White "Beric, Zoran"]
[Black "Zmijanac, Dusko"]
[Result "1-0"]
[WhiteElo "1906"]
[BlackElo "2144"]
[PlyCount "107"]
[EventDate "2016.03.21"]
[EventType "swiss"]
[EventRounds "9"]
[EventCountry "SRB"]
[SourceTitle "CBM 171 Extra"]
[Source "ChessBase"]
[SourceDate "2016.04.26"]
[SourceVersion "1"]
[SourceVersionDate "2016.04.26"]
[SourceQuality "1"]

1. Nf3 d5 2. c4 c6 3. cxd5 cxd5 4. Nc3 Nf6 5. g3 Nc6 6. d4 g6 7. Bg2 Bg7 8. Qb3 0-0 9. 0-0 Na5 10. Qa4 a6 11. Ne5 b5 12. Qd1 Bf5 13. Bd2 Rc8 14. Rc1 Nc4 15. Nxc4 Rxc4 16. e3 Qd7 17. b3 Rc7 18. Ne2 Rfc8 19. Bb4 Bh3 20. Rxc7 Rxc7 21. Bxh3 Qxh3 22. Nf4 Qf5 23. Bc5 Ne4 24. b4 e5 25. Nxd5 Rd7 26. Ne7+ Rxe7 27. Bxe7 exd4 28. exd4 Qd5 29. Qc2 h6 30. Re1 f5 31. Qc8+ Kh7 32. Qc7 Qxd4 33. Bc5 Qd2 34. Rf1 Ng5 35. Bf8 Ne6 36. Qd6 Qxa2 37. Bxg7 Nxg7 38. Re1 a5 39. bxa5 Qxa5 40. Rb1 Qa2 41. Qb4 f4 42. Qxb5 fxg3 43. hxg3 h5 44. Qb3 Qe2 45. Qf7 h4 46. Rb7 Qe1+ 47. Kg2 h3+ 48. Kh2 Qe5 49. Qxg7+ Qxg7 50. Rxg7+ Kxg7 51. Kxh3 Kf7 52. f4 Ke6 53. Kg4 Kf6 54. Kf3 1-0

[Event "SRB-ch sf"]
[Site "Belgrade"]
[Date "2016.03.22"]
[Round "2"]
[White "Beric, Zoran"]
[Black "Koscal, Lazar"]
[Result "1-0"]
[WhiteElo "1906"]
[BlackElo "1391"]
[PlyCount "73"]
[EventDate "2016.03.21"]
[EventType "swiss"]
[EventRounds "9"]
[EventCountry "SRB"]
[SourceTitle "CBM 171 Extra"]
[Source "ChessBase"]
[SourceDate "2016.04.26"]
[SourceVersion "1"]
[SourceVersionDate "2016.04.26"]
[SourceQuality "1"]

1. Nf3 d5 2. c4 e6 3. g3 g6 4. Bg2 Bg7 5. 0-0 Nf6 6. Nc3 0-0 7. cxd5 Nxd5 8. Qb3 Nxc3 9. dxc3 h6 10. Bf4 c6 11. Rad1 Qb6 12. Rd2 Qxb3 13. axb3 Nd7 14. Rfd1 a5 15. Rxd7 Bxd7 16. Rxd7 b5 17. Ne1 Rfd8 18. Bxc6 Rxd7 19. Bxd7 b4 20. c4 Bf8 21. Nd3 Rd8 22. Bb5 Bd6 23. Bxh6 Rc8 24. f3 Bc5+ 25. Nxc5 Rxc5 26. Be3 Rc8 27. Bb6 Ra8 28. c5 Kf8 29. c6 a4 30. bxa4 Ke7 31. Bc5+ Kd8 32. Bxb4 Kc7 33. Be7 Kb6 34. b4 Rc8 35. e4 Re8 36. c7 Rc8 37. Bd8 1-0